Recubrimientos de los metales

Tallennettuna:
Bibliografiset tiedot
Päätekijä: Molera Solà, Pere (autor)
Aineistotyyppi: Kirja
Kieli:espanja
Julkaistu: Ciudad de México Alfaomega 1999
Sarja:Colección Productica, 33
Aiheet:
Tagit: Lisää tagi
Ei tageja, Lisää ensimmäinen tagi!

MARC

LEADER 00000cam a2200000 a 4500
001 UCP6043
003 CL-VaPUC
008 991008e19990000MX |||||||||||||||||spa|d
082 0 4 |a 669.41  |b MOL  |2 21 
100 |a Molera Solà, Pere  |e autor  |9 434833 
245 1 0 |a Recubrimientos de los metales 
300 |a 117 p 
942 |c BK 
945 |d 19991008 00:00:00  |a rbrito 
260 |a Ciudad de México  |b Alfaomega  |c 1999 
650 0 |a Metalurgia  |9 263720 
650 0 |a Metales   |9 260686 
650 7 |a DECAPADO  |2 CL-VaPUC  |9 434840 
650 7 |a CONVERSION  |2 CL-VaPUC  |9 310975 
650 7 |a CROMADO  |2 CL-VaPUC  |9 434841 
650 7 |a GALVANIZACION  |2 CL-VaPUC  |9 434842 
650 7 |a METALIZACION  |2 CL-VaPUC  |9 434843 
650 7 |a PLASTIFICADO  |2 CL-VaPUC  |9 434844 
583 |a last modification  |c 20190103 10:45:45  |k Rodrigo Vera 
490 0 |a Colección Productica, 33 
999 |c 283673  |d 283671 
952 |0 0  |1 0  |4 0  |6 669_410000000000000_MOL_1999  |7 0  |8 A  |9 327024  |a BIBMEC  |b BIBMEC  |d 2019-11-20  |i 3566536  |o 669.41 MOL 1999  |p 3566536  |r 2024-01-19  |w 2019-11-20  |y BK  |k MEC 
952 |0 0  |1 0  |3 erb  |4 0  |6 669_410000000000000_MOL_1999  |7 0  |8 A  |9 327025  |a BIBING  |b BIBING  |i 5527287  |o 669.41 MOL 1999  |p 5527287  |r 2025-01-20  |w 2019-11-20  |y BK  |z Catalogado en:20190103  |k EIQ 
952 |0 0  |1 0  |3 erb  |4 0  |6 669_410000000000000_MOL_1999  |7 0  |8 A  |9 327026  |a BIBING  |b BIBING  |i 5527279  |o 669.41 MOL 1999  |p 5527279  |r 2025-01-20  |w 2019-11-20  |y BK  |z Catalogado en:20190103  |k EIQ